[Event "Mecklenburg VP LL2 Ost 2223"]
[Site "Mecklenburg VP"]
[Date "2023.04.23"]
[Round "8.7"]
[White "Manke, Karsten"]
[Black "Decker, Nils1"]
[Result "0-1"]
[WhiteElo "1803"]
[BlackElo "1370"]
[PlyCount "40"]
[EventDate "2022.10.23"]
[EventType "team-tourn"]
[EventRounds "9"]
[EventCountry "GER"]
[SourceTitle "EXT 2024"]
[Source "ChessBase"]
[SourceDate "2023.10.10"]
[SourceVersion "1"]
[SourceVersionDate "2023.10.10"]
[SourceQuality "1"]
[WhiteTeam "Stralsund HSG II"]
[BlackTeam "Gryps SV"]
[WhiteTeamCountry "GER"]
[BlackTeamCountry "GER"]

1. e4 e5 2. f4 d6 3. Nf3 Bg4 4. Bc4 Nd7 5. d4 f5 6. Nc3 Ngf6 7. Qd3 Bxf3 8. gxf3 Qe7 9. Be3 0-0-0 10. 0-0-0 Re8 11. Rhe1 c6 12. exf5 d5 13. Bb3 exd4 14. Bxd4 Qd6 15. Rxe8+ Nxe8 16. Qe3 Nef6 17. Bxa7 Be7 18. Rg1 Re8 19. Qd2 b6 20. Na4 Kb7 0-1

[Event "Mecklenburg VP LL2 Ost 2223"]
[Site "Mecklenburg VP"]
[Date "2023.03.19"]
[Round "7.6"]
[White "Manke, Karsten"]
[Black "Lotz, Robert"]
[Result "1/2-1/2"]
[WhiteElo "1803"]
[BlackElo "1987"]
[PlyCount "41"]
[EventDate "2022.10.23"]
[EventType "team-tourn"]
[EventRounds "9"]
[EventCountry "GER"]
[SourceTitle "EXT 2024"]
[Source "ChessBase"]
[SourceDate "2023.10.10"]
[SourceVersion "1"]
[SourceVersionDate "2023.10.10"]
[SourceQuality "1"]
[WhiteTeam "Stralsund HSG II"]
[BlackTeam "Waren"]
[WhiteTeamCountry "GER"]
[BlackTeamCountry "GER"]

1. e4 e5 2. f4 d6 3. Nf3 Nc6 4. d4 Nf6 5. Nc3 Bg4 6. Bb5 a6 7. Bxc6+ bxc6 8. 0-0 Nd7 9. Be3 exd4 10. Bxd4 c5 11. Be3 Nb6 12. Qd3 Bd7 13. Rfe1 Be7 14. a4 Bc6 15. a5 Nc8 16. Nd5 0-0 17. Rad1 Re8 18. e5 Bxd5 19. Qxd5 Na7 20. c4 Rb8 21. Bc1 1/2-1/2

[Event "Mecklenburg VP LL2 Ost 2223"]
[Site "Mecklenburg VP"]
[Date "2022.11.27"]
[Round "3.6"]
[White "Manke, Karsten"]
[Black "Ahmed Ibrahim, Labed"]
[Result "0-1"]
[WhiteElo "1803"]
[BlackElo "1596"]
[PlyCount "63"]
[EventDate "2022.10.23"]
[EventType "team-tourn"]
[EventRounds "9"]
[EventCountry "GER"]
[SourceTitle "EXT 2024"]
[Source "ChessBase"]
[SourceDate "2023.10.10"]
[SourceVersion "1"]
[SourceVersionDate "2023.10.10"]
[SourceQuality "1"]
[WhiteTeam "Stralsund HSG II"]
[BlackTeam "Motor Wolgast"]
[WhiteTeamCountry "GER"]
[BlackTeamCountry "GER"]

1. e4 c5 2. Nf3 Nc6 3. d4 cxd4 4. Nxd4 d6 5. Nc3 a6 6. Be3 Nf6 7. Be2 g6 8. 0-0 Bg7 9. h3 Qc7 10. f4 b5 11. a3 Bb7 12. Bf3 Rd8 13. Nxc6 Bxc6 14. Qe1 d5 15. e5 Ne4 16. Bxe4 dxe4 17. Qf2 Rb8 18. Ne2 0-0 19. Nd4 Bd5 20. Rfd1 e6 21. Nb3 Rfc8 22. Rac1 f6 23. Bc5 fxe5 24. fxe5 Bxe5 25. Bd4 Rf8 26. Qd2 Bf4 27. Be3 Bh2+ 28. Kh1 Rf7 29. Nc5 Rbf8 30. Nxa6 Qg3 31. Bg1 Bxg1 32. Rxg1 0-1

[Event "Mecklenburg VP Landesliga Ost 1920"]
[Site "Mecklenburg VP"]
[Date "2020.03.01"]
[Round "7.3"]
[White "Manke, Karsten"]
[Black "Kallweit, Paul"]
[Result "0-1"]
[WhiteElo "1803"]
[BlackElo "1832"]
[PlyCount "75"]
[EventDate "2019.09.29"]
[EventType "team-tourn"]
[EventRounds "9"]
[EventCountry "GER"]
[SourceTitle "EXT 2023"]
[Source "ChessBase"]
[SourceDate "2022.10.05"]
[SourceVersion "1"]
[SourceVersionDate "2022.10.05"]
[SourceQuality "1"]
[WhiteTeam "Stralsund HSG II"]
[BlackTeam "Rostock SSC 07"]
[WhiteTeamCountry "GER"]
[BlackTeamCountry "GER"]

1. e4 c5 2. d4 cxd4 3. c3 dxc3 4. Bc4 e6 5. Nxc3 a6 6. a3 Nc6 7. Nf3 Be7 8. 0-0 d6 9. Be3 Nf6 10. h3 0-0 11. Qe2 b5 12. Ba2 Bb7 13. Rfd1 Qb8 14. Bg5 Ne5 15. Nd4 h6 16. Bh4 Rc8 17. f4 Nc4 18. Kh1 Nxe4 19. Nxe4 Bxh4 20. Bb1 Qc7 21. b3 Nb6 22. Qg4 Qe7 23. Nxd6 Qxd6 24. Qxh4 Nd5 25. Be4 Rab8 26. Ne2 Qe7 27. Qg3 Nf6 28. Bd3 Bd5 29. Nd4 Rb7 30. Rac1 Rbc7 31. Rxc7 Qxc7 32. Qe3 Qb7 33. Qe2 Qc7 34. Qf2 Be4 35. Qe3 Bxd3 36. Qxd3 Qxf4 37. Nf3 Nd5 38. Qe2 0-1

[Event "Mecklenburg VP Verbandsliga 1920"]
[Site "Mecklenburg VP"]
[Date "2020.02.02"]
[Round "6.7"]
[White "Schulz, Bernd"]
[Black "Manke, Karsten"]
[Result "1-0"]
[WhiteElo "1906"]
[BlackElo "1803"]
[PlyCount "65"]
[EventDate "2019.09.29"]
[EventType "team-tourn"]
[EventRounds "9"]
[EventCountry "GER"]
[SourceTitle "EXT 2023"]
[Source "ChessBase"]
[SourceDate "2022.10.05"]
[SourceVersion "1"]
[SourceVersionDate "2022.10.05"]
[SourceQuality "1"]
[WhiteTeam "Wismar ASV Gruen-Weiss"]
[BlackTeam "Stralsund HSG"]
[WhiteTeamCountry "GER"]
[BlackTeamCountry "GER"]

1. e4 e5 2. Nf3 Nc6 3. Bc4 Be7 4. d4 exd4 5. Nxd4 Nxd4 6. Qxd4 d5 7. Qxd5 Qxd5 8. exd5 Bd7 9. 0-0 0-0-0 10. Bf4 Bf5 11. Bb3 Bf6 12. Nc3 Ne7 13. Rad1 Ng6 14. Be3 Kb8 15. Bd4 Be7 16. Rfe1 h5 17. Ne4 b6 18. Bxg7 Rhg8 19. Bf6 Nf4 20. Bxe7 Rxg2+ 21. Kh1 Rdg8 22. Ng3 Bg4 23. Rd4 Bf3 24. Rxf4 R2xg3+ 25. Rxf3 Rxf3 26. Rg1 Re8 27. d6 cxd6 28. Bxd6+ Kc8 29. Kg2 Rf6 30. Bg3 Re2 31. Rd1 Rg6 32. Kf1 Re4 33. Bxf7 1-0

[Event "Mecklenburg VP Landesliga Ost 1920"]
[Site "Mecklenburg VP"]
[Date "2020.01.19"]
[Round "5.1"]
[White "Moeller, Peter"]
[Black "Manke, Karsten"]
[Result "1-0"]
[WhiteElo "2051"]
[BlackElo "1803"]
[PlyCount "67"]
[EventDate "2019.09.29"]
[EventType "team-tourn"]
[EventRounds "9"]
[EventCountry "GER"]
[SourceTitle "EXT 2023"]
[Source "ChessBase"]
[SourceDate "2022.10.05"]
[SourceVersion "1"]
[SourceVersionDate "2022.10.05"]
[SourceQuality "1"]
[WhiteTeam "Rostock HSG Uni"]
[BlackTeam "Stralsund HSG II"]
[WhiteTeamCountry "GER"]
[BlackTeamCountry "GER"]

1. d4 d5 2. Bf4 e6 3. e3 Nf6 4. Bd3 Nbd7 5. Nf3 Be7 6. Ne5 a6 7. Nd2 c5 8. c3 Nxe5 9. Bxe5 Bd6 10. Bxd6 Qxd6 11. f4 Bd7 12. a4 Bc6 13. 0-0 Ne4 14. Bxe4 dxe4 15. Qe2 f5 16. Nc4 Qe7 17. Ne5 Rc8 18. Rad1 0-0 19. Qc4 Rfd8 20. dxc5 h6 21. Rd4 Rxd4 22. cxd4 Bd5 23. Qc3 Qe8 24. b4 b6 25. Qa3 bxc5 26. dxc5 g5 27. g3 gxf4 28. gxf4 Kh7 29. Qb2 Qh5 30. Kh1 Rg8 31. Rg1 Rxg1+ 32. Kxg1 Qh4 33. Qf2 Qh5 34. Qe1 1-0

[Event "Mecklenburg VP Landesliga Ost 1920"]
[Site "Mecklenburg VP"]
[Date "2019.10.20"]
[Round "2.2"]
[White "Wiese, Frank"]
[Black "Manke, Karsten"]
[Result "1-0"]
[WhiteElo "1965"]
[BlackElo "1803"]
[PlyCount "73"]
[EventDate "2019.09.29"]
[EventType "team-tourn"]
[EventRounds "9"]
[EventCountry "GER"]
[SourceTitle "EXT 2023"]
[Source "ChessBase"]
[SourceDate "2022.10.05"]
[SourceVersion "1"]
[SourceVersionDate "2022.10.05"]
[SourceQuality "1"]
[WhiteTeam "Saal Waterkant"]
[BlackTeam "Stralsund HSG II"]
[WhiteTeamCountry "GER"]
[BlackTeamCountry "GER"]

1. d4 d5 2. c4 e6 3. Nc3 Nf6 4. cxd5 exd5 5. Bg5 Be7 6. e3 c6 7. Qc2 Nbd7 8. Bd3 h6 9. Bh4 Nh5 10. Bxe7 Qxe7 11. Nge2 Ndf6 12. h3 g5 13. 0-0-0 Bd7 14. g4 Ng7 15. Ng3 0-0-0 16. Rhe1 Qb4 17. a3 Qa5 18. Nf5 Nxf5 19. Bxf5 Qc7 20. Kb1 Kb8 21. Rc1 Qd6 22. Na4 Bxf5 23. Qxf5 Qe6 24. Qxe6 fxe6 25. Nc5 Rhe8 26. f4 b6 27. Nd3 Kb7 28. Ne5 Rc8 29. Nf7 Ne4 30. Nxh6 Rh8 31. Nf7 Rxh3 32. fxg5 Rf3 33. g6 Rf6 34. Ne5 Nd2+ 35. Ka2 Nc4 36. Rf1 Rcf8 37. Rxf6 1-0

[Event "Mecklenburg VP LL2 Ost 1819"]
[Site "Mecklenburg VP"]
[Date "2018.11.25"]
[Round "3.4"]
[White "Manke, Karsten"]
[Black "Horch, Helmut"]
[Result "1/2-1/2"]
[WhiteElo "1719"]
[BlackElo "1760"]
[PlyCount "21"]
[EventDate "2018.10.21"]
[EventType "team-tourn"]
[EventRounds "9"]
[EventCountry "GER"]
[SourceTitle "EXT 2022"]
[Source "ChessBase"]
[SourceDate "2021.10.06"]
[SourceVersion "1"]
[SourceVersionDate "2021.10.06"]
[SourceQuality "1"]
[WhiteTeam "Stralsund FHSG II"]
[BlackTeam "Binz Therme Ruegen"]
[WhiteTeamCountry "GER"]
[BlackTeamCountry "GER"]

1. e4 e6 2. d4 d5 3. Nc3 dxe4 4. Nxe4 Nd7 5. Nf3 Ngf6 6. Nxf6+ Nxf6 7. Bg5 Be7 8. Bd3 0-0 9. 0-0 b6 10. Qe2 Bb7 11. Rad1 1/2-1/2

[Event "Mecklenburg VP LL2 Ost 1819"]
[Site "Mecklenburg VP"]
[Date "2018.11.11"]
[Round "2.2"]
[White "Stoevesand, Peter"]
[Black "Manke, Karsten"]
[Result "1-0"]
[WhiteElo "1937"]
[BlackElo "1719"]
[PlyCount "59"]
[EventDate "2018.10.21"]
[EventType "team-tourn"]
[EventRounds "9"]
[EventCountry "GER"]
[SourceTitle "EXT 2022"]
[Source "ChessBase"]
[SourceDate "2021.10.06"]
[SourceVersion "1"]
[SourceVersionDate "2021.10.06"]
[SourceQuality "1"]
[WhiteTeam "Neubrandenburg SG Eintracht"]
[BlackTeam "Stralsund FHSG II"]
[WhiteTeamCountry "GER"]
[BlackTeamCountry "GER"]

1. e4 e6 2. d4 d5 3. Nc3 dxe4 4. Nxe4 Nf6 5. Bd3 Nbd7 6. Ng3 Be7 7. Nf3 c5 8. Be3 a6 9. 0-0 0-0 10. Ne5 Nd5 11. Nxd7 Bxd7 12. c4 Nf6 13. dxc5 Qc7 14. b4 Rfd8 15. Qc2 g6 16. Rad1 e5 17. Bg5 Be6 18. Bxf6 Bxf6 19. Be4 Rd4 20. Rxd4 exd4 21. Bd5 Qd7 22. Qe4 Rd8 23. Bxe6 fxe6 24. Qd3 Qa4 25. a3 a5 26. Ne4 Be7 27. Rb1 axb4 28. axb4 Qc6 29. f3 e5 30. Ra1 1-0

[Event "Oberliga Nord O 1718"]
[Site "Germany"]
[Date "2017.10.08"]
[Round "1.7"]
[White "Germann, Heike"]
[Black "Manke, Karsten"]
[Result "1-0"]
[WhiteElo "2059"]
[BlackElo "1807"]
[PlyCount "84"]
[EventDate "2017.10.08"]
[EventType "team-tourn"]
[EventRounds "9"]
[EventCountry "GER"]
[SourceTitle "EXT 2019"]
[Source "ChessBase"]
[SourceDate "2018.10.10"]
[SourceVersion "1"]
[SourceVersionDate "2018.10.10"]
[SourceQuality "1"]
[WhiteTeam "Neuruppin"]
[BlackTeam "Stralsund"]
[WhiteTeamCountry "GER"]
[BlackTeamCountry "GER"]

1. d4 d5 2. c4 e6 3. Nc3 Nf6 4. Bg5 Be7 5. e3 c6 6. Nf3 Nbd7 7. Qc2 dxc4 8. Bxc4 Nd5 9. Bxe7 Qxe7 10. 0-0 0-0 11. a3 Nxc3 12. bxc3 e5 13. e4 c5 14. d5 Nb6 15. Be2 Bg4 16. Ne1 Bxe2 17. Qxe2 Qd6 18. c4 f5 19. exf5 Rxf5 20. Nf3 Raf8 21. Nd2 Nd7 22. Ne4 Qg6 23. f3 b6 24. a4 a5 25. Rab1 h5 26. Rb3 h4 27. Qe1 Rf4 28. Qb1 Kh8 29. Qd3 R4f7 30. Nxc5 Qxd3 31. Nxd3 e4 32. Nb2 g5 33. Re1 Nc5 34. Rxb6 exf3 35. gxf3 Rxf3 36. Rc6 Nb3 37. Rce6 R8f4 38. R6e3 Nd4 39. Nd3 Rg4+ 40. Kh1 Rf6 41. Re8+ Kg7 42. R1e7+ Kg6 1-0

[Event "Mecklenburg VP LL 1617"]
[Site "Mecklenburg VP"]
[Date "2016.10.16"]
[Round "1.8"]
[White "Manke, Karsten"]
[Black "Wurst, Benedikt"]
[Result "0-1"]
[WhiteElo "1746"]
[BlackElo "1575"]
[PlyCount "36"]
[EventDate "2016.10.16"]
[EventType "team-tourn"]
[EventRounds "9"]
[EventCountry "GER"]
[SourceTitle "EXT 2022"]
[Source "ChessBase"]
[SourceDate "2021.10.06"]
[SourceVersion "1"]
[SourceVersionDate "2021.10.06"]
[SourceQuality "1"]
[WhiteTeam "Stralsund FHSG"]
[BlackTeam "Rostock SSC 07 II"]
[WhiteTeamCountry "GER"]
[BlackTeamCountry "GER"]

1. e4 e5 2. Nf3 Nc6 3. d4 exd4 4. Nxd4 Bc5 5. Be3 Qf6 6. c3 Nge7 7. Be2 Ng6 8. Qd2 h6 9. 0-0 0-0 10. b4 Nxd4 11. cxd4 Bb6 12. Nc3 c6 13. e5 Qe6 14. Ne4 d5 15. exd6 Qxe4 16. Bc4 Be6 17. Bd3 Qd5 18. Bc2 Bf5 0-1

[Event "Mecklenburg VP VL 1415"]
[Site "Mecklenburg VP"]
[Date "2015.04.26"]
[Round "9.5"]
[White "Manke, Karsten"]
[Black "Kiel, Bernd"]
[Result "0-1"]
[WhiteElo "1781"]
[BlackElo "1896"]
[PlyCount "78"]
[EventDate "2014.09.21"]
[EventType "team-tourn"]
[EventRounds "9"]
[EventCountry "GER"]
[SourceTitle "EXT 2022"]
[Source "ChessBase"]
[SourceDate "2021.10.06"]
[SourceVersion "1"]
[SourceVersionDate "2021.10.06"]
[SourceQuality "1"]
[WhiteTeam "Stralsund FHSG"]
[BlackTeam "Guestrow/Teterow"]
[WhiteTeamCountry "GER"]
[BlackTeamCountry "GER"]

1. d4 Nf6 2. c4 g6 3. Nc3 d5 4. Nf3 Bg7 5. e3 0-0 6. Bd3 c5 7. 0-0 Nc6 8. a3 cxd4 9. exd4 a6 10. Be3 dxc4 11. Bxc4 b5 12. Be2 Nd5 13. Rc1 Nxe3 14. fxe3 Bh6 15. Qd3 Bf5 16. e4 Bxc1 17. Rxc1 Bd7 18. Qe3 Kg7 19. b4 e6 20. d5 exd5 21. Nxd5 Rc8 22. Rd1 Qe8 23. Nb6 Rd8 24. Qc3+ f6 25. e5 Nxe5 26. Nxe5 fxe5 27. Qc7 Rf7 28. Bg4 Bxg4 29. Rxd8 Qe6 30. Qb8 Qf6 31. h3 Qf2+ 32. Kh1 Qg3 33. Kg1 Bxh3 34. Rd2 Qe1+ 35. Kh2 Qxd2 36. Qxe5+ Kh6 37. Kxh3 Qf4 38. Qe8 Rf5 39. g3 Qf1+ 0-1

[Event "Mecklenburg VP VL 1415"]
[Site "Mecklenburg VP"]
[Date "2014.11.09"]
[Round "2.5"]
[White "Sager, Bernd"]
[Black "Manke, Karsten"]
[Result "1/2-1/2"]
[WhiteElo "1697"]
[BlackElo "1781"]
[PlyCount "22"]
[EventDate "2014.09.21"]
[EventType "team-tourn"]
[EventRounds "9"]
[EventCountry "GER"]
[SourceTitle "EXT 2022"]
[Source "ChessBase"]
[SourceDate "2021.10.06"]
[SourceVersion "1"]
[SourceVersionDate "2021.10.06"]
[SourceQuality "1"]
[WhiteTeam "Rostock HSG Uni"]
[BlackTeam "Stralsund FHSG"]
[WhiteTeamCountry "GER"]
[BlackTeamCountry "GER"]

1. e4 e5 2. Nf3 Nc6 3. Bc4 Bc5 4. d3 Nf6 5. Bg5 0-0 6. 0-0 Be7 7. c3 d6 8. Nbd2 Bg4 9. h3 Bh5 10. b4 a6 11. a4 Nd7 1/2-1/2

[Event "Mecklenburg VP VL 1314"]
[Site "Mecklenburg VP"]
[Date "2014.01.19"]
[Round "5.5"]
[White "Wolke, Heiko"]
[Black "Manke, Karsten"]
[Result "1-0"]
[WhiteElo "1910"]
[BlackElo "1751"]
[PlyCount "71"]
[EventDate "2013.10.20"]
[EventType "team-tourn"]
[EventRounds "9"]
[EventCountry "GER"]
[SourceTitle "EXT 2022"]
[Source "ChessBase"]
[SourceDate "2021.10.06"]
[SourceVersion "1"]
[SourceVersionDate "2021.10.06"]
[SourceQuality "1"]
[WhiteTeam "Warnemuende SF Ostsee"]
[BlackTeam "Stralsund FHSG"]
[WhiteTeamCountry "GER"]
[BlackTeamCountry "GER"]

1. e4 e6 2. d3 d5 3. Nd2 c5 4. Ngf3 Nf6 5. g3 Be7 6. Bg2 Nc6 7. 0-0 0-0 8. Qe2 Re8 9. h3 Qc7 10. Re1 b6 11. a4 a6 12. Nf1 d4 13. c4 e5 14. Nh4 Na5 15. Qc2 Nc6 16. Nf5 Bxf5 17. exf5 Rad8 18. Nd2 Nb4 19. Qb3 Bd6 20. Ne4 Nxe4 21. Bxe4 Be7 22. Qd1 Bf6 23. Kg2 Qe7 24. h4 Qd7 25. Rh1 b5 26. axb5 axb5 27. b3 bxc4 28. bxc4 Kh8 29. Ra5 Qc7 30. Qa4 Nxd3 31. Bxd3 e4 32. Re1 Qb7 33. Ra7 exd3+ 34. Rxb7 Rxe1 35. Bd2 Re2 36. Qa5 1-0

[Event "Mecklenburg VP VL 1314"]
[Site "Mecklenburg VP"]
[Date "2013.12.15"]
[Round "4.5"]
[White "Manke, Karsten"]
[Black "Mangold, Thomas"]
[Result "0-1"]
[WhiteElo "1751"]
[BlackElo "1896"]
[PlyCount "68"]
[EventDate "2013.10.20"]
[EventType "team-tourn"]
[EventRounds "9"]
[EventCountry "GER"]
[SourceTitle "EXT 2022"]
[Source "ChessBase"]
[SourceDate "2021.10.06"]
[SourceVersion "1"]
[SourceVersionDate "2021.10.06"]
[SourceQuality "1"]
[WhiteTeam "Stralsund FHSG"]
[BlackTeam "Rostock SSC 07 II"]
[WhiteTeamCountry "GER"]
[BlackTeamCountry "GER"]

1. e4 e5 2. Nf3 d6 3. d4 exd4 4. Nxd4 Nf6 5. Nc3 Be7 6. Be2 0-0 7. Be3 Re8 8. g4 Bf8 9. f3 d5 10. e5 Rxe5 11. Qd2 c5 12. Bf4 cxd4 13. Bxe5 dxc3 14. Bxc3 Nc6 15. 0-0-0 Be6 16. g5 d4 17. gxf6 dxc3 18. Qxc3 Qxf6 19. Qxf6 gxf6 20. Kb1 Bc5 21. c3 Re8 22. Bb5 a6 23. Bxc6 bxc6 24. Rhe1 Bf2 25. Rf1 Be3 26. Rd6 Bf5+ 27. Ka1 Re6 28. Rxe6 fxe6 29. b3 Bh3 30. Rd1 Bf4 31. Rd8+ Kf7 32. Rc8 Bg2 33. Rxc6 Bxf3 34. Rxa6 e5 0-1

[Event "Mecklenburg VP VL 1314"]
[Site "Mecklenburg VP"]
[Date "2013.11.24"]
[Round "3.5"]
[White "Goertz, Frank"]
[Black "Manke, Karsten"]
[Result "1/2-1/2"]
[WhiteElo "1863"]
[BlackElo "1751"]
[PlyCount "38"]
[EventDate "2013.10.20"]
[EventType "team-tourn"]
[EventRounds "9"]
[EventCountry "GER"]
[SourceTitle "EXT 2022"]
[Source "ChessBase"]
[SourceDate "2021.10.06"]
[SourceVersion "1"]
[SourceVersionDate "2021.10.06"]
[SourceQuality "1"]
[WhiteTeam "Schwerin SF III"]
[BlackTeam "Stralsund FHSG"]
[WhiteTeamCountry "GER"]
[BlackTeamCountry "GER"]

1. e4 e5 2. f4 Nc6 3. Nf3 d6 4. Bc4 Be7 5. 0-0 Nf6 6. Nc3 Bg4 7. d3 0-0 8. Kh1 Na5 9. Bb3 Nxb3 10. axb3 c6 11. h3 Bxf3 12. Qxf3 exf4 13. Bxf4 Kh8 14. Ne2 Nd7 15. Ng3 Ne5 16. Qh5 Bf6 17. d4 Ng6 18. Be3 Qe7 19. Qg4 Qe6 1/2-1/2

[Event "Mecklenburg VP VL 1314"]
[Site "Mecklenburg VP"]
[Date "2013.11.10"]
[Round "2.5"]
[White "Manke, Karsten"]
[Black "Sowada, Christoph"]
[Result "1-0"]
[WhiteElo "1751"]
[BlackElo "1871"]
[PlyCount "53"]
[EventDate "2013.10.20"]
[EventType "team-tourn"]
[EventRounds "9"]
[EventCountry "GER"]
[SourceTitle "EXT 2022"]
[Source "ChessBase"]
[SourceDate "2021.10.06"]
[SourceVersion "1"]
[SourceVersionDate "2021.10.06"]
[SourceQuality "1"]
[WhiteTeam "Stralsund FHSG"]
[BlackTeam "Greifswald II"]
[WhiteTeamCountry "GER"]
[BlackTeamCountry "GER"]

1. e4 e5 2. Nf3 Nc6 3. Nc3 Nf6 4. d4 exd4 5. Nd5 Nxe4 6. Qe2 f5 7. Bg5 Be7 8. h4 Nxg5 9. hxg5 0-0 10. Qc4 Rf7 11. g6 hxg6 12. Nf4 Bg5 13. Nxg6 Bh6 14. Be2 d5 15. Qd3 Nb4 16. Qb3 c5 17. c3 dxc3 18. Qxc3 d4 19. Qxc5 d3 20. Rd1 Nc2+ 21. Kf1 dxe2+ 22. Kxe2 Qc7 23. Qd5 Qd7 24. Qe5 Qe6 25. Rd8+ Kh7 26. Ng5+ Kxg6 27. Nxe6 1-0

[Event "Mecklenburg VP VL 1213"]
[Site "Mecklenburg VP"]
[Date "2013.01.13"]
[Round "5.5"]
[White "Manke, Karsten"]
[Black "Sager, Bernd"]
[Result "1/2-1/2"]
[WhiteElo "1760"]
[BlackElo "1771"]
[PlyCount "32"]
[EventDate "2012.10.14"]
[EventType "team-tourn"]
[EventRounds "9"]
[EventCountry "GER"]
[SourceTitle "EXT 2022"]
[Source "ChessBase"]
[SourceDate "2021.10.06"]
[SourceVersion "1"]
[SourceVersionDate "2021.10.06"]
[SourceQuality "1"]
[WhiteTeam "Stralsund FHSG"]
[BlackTeam "Rostock HSG Uni"]
[WhiteTeamCountry "GER"]
[BlackTeamCountry "GER"]

1. e4 c5 2. Nf3 d6 3. d4 cxd4 4. Nxd4 Nf6 5. Nc3 a6 6. Be2 e6 7. Be3 Be7 8. 0-0 Qc7 9. f4 Bd7 10. Bf3 Nc6 11. Kh1 Rc8 12. Qe1 b5 13. a3 Na5 14. Rd1 Nc4 15. Bc1 0-0 16. Qg3 g6 1/2-1/2

[Event "Mecklenburg VP VL 1112"]
[Site "Mecklenburg VP"]
[Date "2012.04.15"]
[Round "9.7"]
[White "Streit, Bodo"]
[Black "Manke, Karsten"]
[Result "1/2-1/2"]
[WhiteElo "1769"]
[BlackElo "1756"]
[PlyCount "20"]
[EventDate "2011.10.02"]
[EventType "team-tourn"]
[EventRounds "9"]
[EventCountry "GER"]
[SourceTitle "EXT 2022"]
[Source "ChessBase"]
[SourceDate "2021.10.06"]
[SourceVersion "1"]
[SourceVersionDate "2021.10.06"]
[SourceQuality "1"]
[WhiteTeam "Grevesmuehlen Blau Weiss"]
[BlackTeam "Stralsund FHSG"]
[WhiteTeamCountry "GER"]
[BlackTeamCountry "GER"]

1. b4 e6 2. Bb2 d5 3. Nf3 Nf6 4. b5 c5 5. c4 Be7 6. e3 b6 7. d3 Bb7 8. Be2 Nbd7 9. h3 Qc7 10. 0-0 0-0 1/2-1/2

[Event "Mecklenburg VP VL 1112"]
[Site "Mecklenburg VP"]
[Date "2011.12.11"]
[Round "4.7"]
[White "Manke, Karsten"]
[Black "Jung, Werner"]
[Result "1-0"]
[WhiteElo "1756"]
[BlackElo "1809"]
[PlyCount "99"]
[EventDate "2011.10.02"]
[EventType "team-tourn"]
[EventRounds "9"]
[EventCountry "GER"]
[SourceTitle "EXT 2022"]
[Source "ChessBase"]
[SourceDate "2021.10.06"]
[SourceVersion "1"]
[SourceVersionDate "2021.10.06"]
[SourceQuality "1"]
[WhiteTeam "Stralsund FHSG"]
[BlackTeam "Schwerin SF"]
[WhiteTeamCountry "GER"]
[BlackTeamCountry "GER"]

1. e4 d5 2. exd5 Nf6 3. d4 Nxd5 4. c4 Nb6 5. Nc3 e5 6. d5 c6 7. Nf3 cxd5 8. cxd5 Bd6 9. Bb5+ Bd7 10. 0-0 Bxb5 11. Nxb5 0-0 12. a3 a6 13. Nc3 N8d7 14. Re1 f6 15. Nh4 f5 16. Nf3 Qf6 17. Ng5 Rfe8 18. Qb3 h6 19. Ne6 Rab8 20. Be3 Nc8 21. Qa4 Qe7 22. Qb3 Nf8 23. Nxf8 Kxf8 24. Rac1 b5 25. Qc2 Qf7 26. f3 Ne7 27. Qd2 Rbd8 28. Bf2 b4 29. axb4 Bxb4 30. Qd3 a5 31. Red1 Bxc3 32. Qxc3 Rxd5 33. Bc5 a4 34. Qb4 Rxd1+ 35. Rxd1 Qb3 36. Qe1 Qxb2 37. Rd7 Kf7 38. Qf1 Qb3 39. Qe1 Qb5 40. Rc7 Kf6 41. Qh4+ Kg6 42. Bxe7 a3 43. Bxa3 Qb6+ 44. Rc5 Qb1+ 45. Rc1 Qb6+ 46. Qf2 Qxf2+ 47. Kxf2 Ra8 48. Rc3 Kf6 49. Bb2 Ke6 50. Rc5 1-0

[Event "Mecklenburg VP VL 1011"]
[Site "Mecklenburg VP"]
[Date "2011.03.20"]
[Round "8.8"]
[White "Pererva, Viktor"]
[Black "Manke, Karsten"]
[Result "1/2-1/2"]
[WhiteElo "1780"]
[BlackElo "1763"]
[PlyCount "65"]
[EventDate "2010.10.10"]
[EventType "team-tourn"]
[EventRounds "9"]
[EventCountry "GER"]
[SourceTitle "EXT 2022"]
[Source "ChessBase"]
[SourceDate "2021.10.06"]
[SourceVersion "1"]
[SourceVersionDate "2021.10.06"]
[SourceQuality "1"]
[WhiteTeam "Rostock SSC 07 II"]
[BlackTeam "Stralsund FHSG"]
[WhiteTeamCountry "GER"]
[BlackTeamCountry "GER"]

1. e4 d6 2. d4 Nf6 3. Nc3 g6 4. Nf3 Bg7 5. Be2 0-0 6. 0-0 c6 7. a4 Qc7 8. h3 Nbd7 9. Be3 h6 10. Qd2 Kh7 11. Nh4 e5 12. f4 exd4 13. Bxd4 Re8 14. Bd3 Nc5 15. Rae1 Nxd3 16. Qxd3 Qa5 17. e5 Nd5 18. f5 gxf5 19. Nxf5 Bxf5 20. Qxf5+ Kh8 21. Re4 dxe5 22. Bxe5 Rxe5 23. Rxe5 Qb6+ 24. Kh1 Ne3 25. Rxe3 Qxe3 26. Ne4 Qd4 27. c3 Qd3 28. Rf4 Re8 29. Rg4 Qb1+ 30. Kh2 Be5+ 31. g3 Qc2+ 32. Kg1 Qb1+ 33. Kh2 1/2-1/2

[Event "Mecklenburg VP VL 1011"]
[Site "Mecklenburg VP"]
[Date "2010.10.24"]
[Round "2.8"]
[White "Manke, Karsten"]
[Black "Danilov, Vladimir1"]
[Result "0-1"]
[WhiteElo "1763"]
[BlackElo "1860"]
[PlyCount "48"]
[EventDate "2010.10.10"]
[EventType "team-tourn"]
[EventRounds "9"]
[EventCountry "GER"]
[SourceTitle "EXT 2022"]
[Source "ChessBase"]
[SourceDate "2021.10.06"]
[SourceVersion "1"]
[SourceVersionDate "2021.10.06"]
[SourceQuality "1"]
[WhiteTeam "Stralsund FHSG"]
[BlackTeam "Greifswald II"]
[WhiteTeamCountry "GER"]
[BlackTeamCountry "GER"]

1. e4 e5 2. Nf3 Nc6 3. d4 exd4 4. Nxd4 Bc5 5. Be3 Bb6 6. Nc3 Nf6 7. Be2 0-0 8. Qd2 d5 9. Nxc6 bxc6 10. exd5 cxd5 11. 0-0-0 c6 12. Bg5 Qd6 13. Kb1 Ng4 14. Rde1 Qg6 15. f3 Nf6 16. g4 h6 17. h4 Nh7 18. Be7 Re8 19. Bd3 f5 20. gxf5 Bxf5 21. Rhg1 Bxg1 22. h5 Qxh5 23. Ba6 Qh2 24. Qd1 Qf2 0-1